1215 1107 1983 1623 1598 1138 1912 1633 1522 1804 1619 1027 1241 1298 1560 1692 1520 1362 1863 1905 1603 1121 1280 1927 1247 1274 1079 1867 1976 1625 1789 1311 1115 1811 1658 1437 1759 1776 1311 1842 1433 1424 1417 1834 1456 1929 1775 1553 1914 1867 1080 1832 1862 1879 1309 1732 1836 1256 1446 1646 1548 1147 1815 1212 1064 1299 1383 1985 1738 1418 1583 1791 1304 1671 1136 1654 1892 1006 1501 1435 1298 1711 1865 1927 1558 1651 1494 1558 1487 1550 1545 1307 1003 1142 1533 1070 1311 1513 1477 BCNSPRNW ULIB Ver.6.0+V

เปลี่ยนเป็นภาษาไทย

Change to English
 แสดงรายละเอียดบรรณานุกรม
  กลับหน้าหลัก

Brief Record : Get Marc (ISO 2709) : E-mail record : QR code < ปิดหน้าต่าง
LEADER : 00000nam 2200000uu 4500
001    13399123473
003     ULIB
008    140923s2553||||th 000 0 tha d
020    ^a9789740327301
060    ^aWB550^bบ481ด
100    ^aบุษกร บิณฑสันต์
245    ^aดนตรีบำบัด/โดย บุษกร บิณฑสันต์
250    ^aพิมพ์ครั้งที่ 2
260    ^aกรุงเทพฯ:^bสำนักพิมพ์แห่งจุฬาลงกรณ์มหาวิทยาลัย,^c2553
300    ^a247หน้า :^b
650  0 ^aดนตรีบำบัด
945    ^p125^l0^i20803
945    ^p125^l0^i20804
945    ^p125^l0^i20805
945    ^p125^l0^i20806
945    ^p125^l0^i20807
999    ^aทศพร เกษรทอง
รายการนี้ยังไม่มีแท็ก
คุณยังไม่ได้ล็อกอิน คุณสามารถมีกิจกรรมร่วมกับเว็บไซต์ได้ แต่ต้องล็อกอินก่อน ::
  ล็อกอิน

รายการสื่อสารสนเทศ

ลำดับที่ ประเภท เลขเรียก/บาร์โค้ด สถานที่ สถานะ
- ไม่พบข้อมูล -

รายการใกล้เคียง
    ชื่อเรื่อง [ดนตรีบำบัด/โดย บุษกร บิณฑสันต์]

    ผู้แต่ง [บุษกร บิณฑสันต์]

    หัวเรื่อง [ดนตรีบำบัด]

BibComment


ยังไม่เคยถูกคอมเมนท์

คอมเมนท์ทรัพยากรรายการนี้
  คอมเมนท์: ดนตรีบำบัดโดย บุ..


 Copyright 2026. Bcnsprnw @Library